O mundo perdido (Registo nº 767)

Detalhes MARC
000 -Etiqueta do registo
Cabeçalho 00921nam0a2200265 4500
005 - Identificador da versão
Campo de controlo 20240813121814.0
010 ## - Número internacional normalizado dos livros (ISBN)
Número (ISBN) 9722013955
021 ## - Número do Depósito Legal
Código do país PT
Número 111 190/97
100 ## - Dados gerais de processamento
Dados gerais de processamento 20160613d1997 a e0pory5003 ba
102 ## - Pais de publicação ou produção
País de publicação Portugal
101 1# - Língua de publicação
Língua do texto, banda sonora, etc. Português
Língua do documento no original Inglês
215 ## - Descrição física 
Indicação específica da natureza do documento e extensão da espécie 254, [1] p.
Outras indicações físicas il
200 1# - Titulo e menção de responsabilidade
Título próprio O mundo perdido
Informação de outro título relato das recentes e extraordinárias aventuras do professor E. Challenger, Lord John Roxton, professor Summerlee e Ed Malone, do Daily Gazette
Primeira menção de responsabilidade A. Conan Doyle
Outras menções de responsabilidade trad. Eduardo Saló
225 2# - Colecção 
Título próprio da colecção Biblioteca juvenil Dom Quixote
Indicação de volume 14
205 ## - Menção da edição
Menção da edição 1ª ed
210 ## - Publicação, Distribuição, etc. 
Lugar da edição, distribuição, etc. Lisboa
Nome do editor, distribuidor, etc. Dom Quixote
Data da publicação, distribuição, etc. 1997
606 ## - Nome comum usado como assunto
Número de registo de entrada de autoridade 0002043
Palavra de ordem Literatura inglesa
Subdivisão de assunto Romances de aventuras
Código do sistema CA
675 ## - Classificação Decimal Universal (CDU)
Notação 821.111-311.3
Edição 3ª ed.
Língua da edição por
702 #1 - Nome de autor-pessoa física (responsabilidade secundária)
Número de registo de entrada de autoridade 0002977
Palavra de ordem Saló
Outra parte do nome não tomada para palavra de ordem Eduardo
Código de função Tradutor
700 #1 - Nome de autor-pessoa física (responsabilidade principal)
Número de registo de entrada de autoridade 0002976
Palavra de ordem Doyle
Outra parte do nome não tomada para palavra de ordem A. Conan
Datas 1859-1930
966 ## - Identificação da Biblioteca
Sigla EB2,3ENM
942 ## - Elementos de entrada adicionados (Koha)
Tipo de item no Koha Livro
Exemplares
Situação do levantamento Origin of item (home branch) (coded) Biblioteca de empréstimo Código de barras Cota Circulation type (not for loan) Tipo de documento Nota do exemplar Damaged status
  Biblioteca Escolar Eng. Nuno Mergulhão Biblioteca Escolar Eng. Nuno Mergulhão BENM1482 82LE-3 DOY   Livro Sem mensagem